Mala noche
Ερωτευμένος με έναν Μεξικανό μετανάστη που δε μιλά καν αγγλικά, ο νεαρός πρωταγωνιστής αποδέχεται ακόμα και την εκμετάλλευση προκειμένου να πλησιάσει το αντικείμενο του πόθου του, δίνοντας στον Γκας Βαν Σαντ την ευκαιρία να σκιαγραφήσει ένα πορτρέτο της ανθρώπινης ύπαρξης ως μια συνεχή, απεγνωσμένη...
Saved in:
| Other Authors: | , , , , |
|---|---|
| Format: | |
| Language: | English Greek |
| Published: |
[Χ.τ.] :
MK2,
c1985:
|
| Series: | Ταινιοθήκη του Σινεμά
|
| Subjects: | |
| Tags: |
Add Tag
No Tags, Be the first to tag this record!
|
MARC
| LEADER | 00000cgm a2200000 i 4500 | ||
|---|---|---|---|
| 001 | 1/8002 | ||
| 008 | 100603s1985 xx ||| | || ||eng|| | ||
| 035 | |l 10108092 | ||
| 040 | |a GR-MyUa |b gre |e AACR2 | ||
| 041 | 0 | |a eng |j gre | |
| 082 | 7 | |a 791.437 |2 (22) | |
| 245 | 0 | 0 | |a Mala noche |h [μαγνητοσκόπηση] / |c του Γκας Βαν Σαντ. |
| 260 | |a [Χ.τ.] : |b MK2, |c c1985: | ||
| 300 | |a 1 βιντεοδίσκος (78 λεπτ.) : |b ομίλ., ασπρόμ. ; |c 4 3/4 ίν. | ||
| 490 | 1 | |a (Η ταινιοθήκη του Σινεμά) | |
| 500 | |a Διανέμεται δωρεάν με το τεύχος 216 (Απρ. 2010) του περιοδικού Σινεμα. | ||
| 500 | |a Κυκλοφόρησε πρώτη φορά ως κινηματογραφική ταινία το 1985. | ||
| 501 | |a Περιλαμβάνεται σε κασετίνα με: Paranoid park. | ||
| 508 | |a Σενάριο, Γκας Βαν Σαντ. | ||
| 511 | 0 | |a Τιμ Στρήτερ, Νταγκ Κούγεητ, Ρευ Μοντζ, Νύλα Μακάρθυ. | |
| 520 | 8 | |a Ερωτευμένος με έναν Μεξικανό μετανάστη που δε μιλά καν αγγλικά, ο νεαρός πρωταγωνιστής αποδέχεται ακόμα και την εκμετάλλευση προκειμένου να πλησιάσει το αντικείμενο του πόθου του, δίνοντας στον Γκας Βαν Σαντ την ευκαιρία να σκιαγραφήσει ένα πορτρέτο της ανθρώπινης ύπαρξης ως μια συνεχή, απεγνωσμένη μάχη ενάντια στη μοναξιά. | |
| 546 | |a Στα αγγλικά με υπότιτλους στα ελληνικά. | ||
| 650 | 0 | |a Gay men |v Drama. | |
| 655 | 7 | |a Feature films |2 lcgft | |
| 700 | 1 | |a Van Sant, Gus, |e drt | |
| 700 | 1 | |a Streeter, Tim, |e act | |
| 700 | 1 | |a Cooeyate, Doug, |e act | |
| 700 | 1 | |a Monge, Ray, |e act | |
| 700 | 1 | |a McCarthy, Nyla, |e act | |
| 830 | 0 | |a Ταινιοθήκη του Σινεμά | |
| 852 | |a INST |b SYROS |c AV |e 20100603 |h 791.437 VAN |p 005500010554 |q 005500010554 |t DVD |y 23 | ||
| 901 | |a BIBL5-2008-1 | ||
| 970 | |a Κοντού |b Παρασκευή |z 03/06/2010 | ||